000 00439nam a22001817a 4500
003 OSt
005 20250625115633.0
008 250625b |||||||| |||| 00| 0 eng d
020 _a9789364876209
040 _cSBCL
082 _a910
_bSUJ-I
100 _aSujith Bhakthan
245 _aINB Diaries
260 _aKottayam
_bDC Books
_c2025
300 _a320p.,21cm
650 _2History & geography
_aGeography & travel
942 _cBOOK
999 _c137145
_d137145